Careers in Pharmacy (Record no. 6273)

MARC details
000 -LEADER
fixed length control field 00438nam a22001817a 4500
005 - DATE AND TIME OF LATEST TRANSACTION
control field 20230118123410.0
008 - FIXED-LENGTH DATA ELEMENTS--GENERAL INFORMATION
fixed length control field 200518b xxu||||| |||| 00| 0 eng d
020 ## - INTERNATIONAL STANDARD BOOK NUMBER
ISBN 9788125600040
041 ## - LANGUAGE CODE
Language code of text/sound track or separate title eng
082 ## - DEWEY DECIMAL CLASSIFICATION NUMBER
Classification number 615 GUP
100 ## - MAIN ENTRY--AUTHOR NAME
Personal name Gupta Sanjay
245 ## - TITLE STATEMENT
Title Careers in Pharmacy
250 ## - EDITION STATEMENT
Edition statement 4'th
260 ## - PUBLICATION, DISTRIBUTION, ETC. (IMPRINT)
Place of publication Delhi
Name of publisher A Concise Book of Cosmetic
Year of publication 2019
300 ## - PHYSICAL DESCRIPTION
Number of Pages 192
650 ## - SUBJECT ADDED ENTRY--TOPICAL TERM
Topical Term Pharmacy
General subdivision D.PHARMA
942 ## - ADDED ENTRY ELEMENTS (KOHA)
Koha item type Books

No items available.